Statistics for NASCAR drivers active wins list

Click here to take the quiz!

General Stats

  • This quiz has been taken 13 times
  • The average score is 20 of 26

Answer Stats

HintAnswer% Correct
7alex bowman
100%
35brad keselowski
100%
18chase elliott
100%
49Denny hamlin
100%
32Joey logano
100%
60Kevin harvick
100%
34Martin truex jr.
100%
8William byron
100%
2bubba wallace
90%
63Kyle busch
90%
21Kyle larson
90%
1Michael mcdowell
80%
2AJ allmendinger
70%
3aric almirola
70%
4Austin dillon
70%
2Chris buescher
70%
1Daniel suarez
70%
3Ricky stenhouse Jr.
70%
8Ryan blaney
70%
4Tyler reddick
70%
1chase briscoe
60%
5Christopher bell
50%
3Erik jones
50%
1Justin haley
50%
3Ross chastain
50%
1Austin cindrc
0%

Score Distribution

Percentile by Number Answered

Percent of People with Each Score

Your Score History

You have not taken this quiz